Flags Hidden in the Flag of Norway [SVG] - Statistics

General Stats
  • This quiz has been taken 1,346 times
  • The average score is 6 of 8
Answers on the Map
Answers color-coded by a green-red scale on the quiz's map according to % correct below.
 
Answer Stats
Answer % Correct
Finland
92%
France
85%
Poland
83%
Indonesia
80%
Thailand
79%
Monaco
77%
Netherlands
76%
Luxembourg
47%
No matching quizzes found
Score Distribution
Percent of People with Each Score
Percentile by Number Answered
Your Score History
You have not taken this quiz